[Event "Liberec Metalmex op"]
[Site "Liberec"]
[Date "2012.08.12"]
[Round "3"]
[White "Vltavsky, Vladimir"]
[Black "Lasek, Frantisek"]
[Result "1-0"]
[WhiteElo "2193"]
[BlackElo "1814"]
[PlyCount "44"]
[EventDate "2012.08.11"]
[EventType "swiss"]
[EventRounds "9"]
[EventCountry "CZE"]
[SourceTitle "EXT 2014"]
[Source "ChessBase"]
[SourceDate "2013.11.20"]
[SourceVersion "1"]
[SourceVersionDate "2013.11.20"]
[SourceQuality "1"]

1. e4 c6 2. Nc3 d5 3. Nf3 dxe4 4. Nxe4 Bf5 5. Ng3 Bg6 6. d4 Nd7 7. Bd3 Bxd3 8. Qxd3 Ngf6 9. 0-0 Qc7 10. c4 e6 11. Qe2 Bd6 12. Bd2 0-0 13. Bc3 Rfe8 14. Rfe1 Rad8 15. Rad1 h6 16. Ne5 c5 17. Nxd7 Nxd7 18. dxc5 Nxc5 19. Nh5 e5 20. Qg4 Bf8 21. Rxd8 Rxd8 22. Nf6+ Kh8 1-0

[Event "Hradec Kralove op"]
[Site "Hradec Kralove"]
[Date "2012.05.19"]
[Round "9"]
[White "Lasek, Frantisek"]
[Black "Med, Ladislav"]
[Result "1-0"]
[WhiteElo "1789"]
[BlackElo "1869"]
[PlyCount "71"]
[EventDate "2012.05.12"]
[EventType "swiss"]
[EventRounds "9"]
[EventCountry "CZE"]
[SourceTitle "CBM 148 Extra"]
[Source "ChessBase"]
[SourceDate "2012.06.22"]
[SourceVersion "1"]
[SourceVersionDate "2012.06.22"]
[SourceQuality "1"]

1. e3 d5 2. f4 Nf6 3. Nf3 g6 4. d4 Bg7 5. Bd3 0-0 6. Nbd2 c5 7. c3 Qc7 8. 0-0 b6 9. Ne5 Ba6 10. Bxa6 Nxa6 11. Qe2 Qb7 12. a3 Rac8 13. Qb5 Nb8 14. Ndf3 a6 15. Qe2 b5 16. Bd2 Ne4 17. Rac1 a5 18. b4 axb4 19. axb4 cxb4 20. cxb4 Bxe5 21. dxe5 Rc4 22. Qd3 e6 23. Ra1 Nc6 24. Rfb1 Ra8 25. Rxa8+ Qxa8 26. Be1 Qa4 27. Rb3 Nxb4 28. Qb1 Nc2 29. Rxb5 Nxe3 30. Ng5 Nxg5 31. fxg5 Qc2 32. Qxc2 Rxc2 33. Rb8+ Kg7 34. Bb4 h6 35. Be7 hxg5 36. Bf6+ 1-0

[Event "Lanta op 1st"]
[Site "Koh Lanta Island"]
[Date "2012.03.22"]
[Round "1"]
[White "Wiwatanadate, Poompong"]
[Black "Lasek, Frantisek"]
[Result "1-0"]
[WhiteElo "2080"]
[BlackElo "1804"]
[PlyCount "81"]
[EventDate "2012.03.22"]
[EventType "swiss"]
[EventRounds "9"]
[EventCountry "THA"]
[SourceTitle "EXT 2013"]
[Source "ChessBase"]
[SourceDate "2012.11.22"]
[SourceVersion "1"]
[SourceVersionDate "2012.11.22"]
[SourceQuality "1"]

1. d4 Nf6 2. c4 e5 3. dxe5 Ng4 4. Nf3 Nc6 5. Bf4 Bb4+ 6. Nbd2 Qe7 7. e3 Ngxe5 8. Nxe5 Nxe5 9. a3 Bxd2+ 10. Qxd2 d6 11. Be2 Bf5 12. Qc3 0-0 13. 0-0 Rfe8 14. Rfd1 h6 15. c5 Rad8 16. b4 f6 17. cxd6 cxd6 18. h3 a6 19. Qd4 d5 20. Rac1 Be4 21. Rc5 Nc6 22. Qc3 d4 23. Bc4+ Kh8 24. exd4 Qd7 25. b5 Nxd4 26. Kh1 axb5 27. Bf1 b4 28. axb4 Re6 29. Rc7 Qd5 30. Be3 Qf5 31. Bxd4 Red6 32. f3 Bc6 33. b5 Be8 34. Qe3 Re6 35. Qf2 Red6 36. g4 Qe6 37. Re1 Qd5 38. Be3 Bxb5 39. Rc5 Qb3 40. Bxb5 Rd1 41. Qe2 1-0

[Event "Sunny Beach op 10th"]
[Site "Sunny Beach"]
[Date "2011.08.28"]
[Round "2"]
[White "Vasilev, Plamen"]
[Black "Lasek, Frantisek"]
[Result "1-0"]
[WhiteElo "2100"]
[BlackElo "1881"]
[PlyCount "93"]
[EventDate "2011.08.27"]
[EventType "swiss"]
[EventRounds "9"]
[EventCountry "BUL"]
[SourceTitle "CBM 144 Extra"]
[Source "ChessBase"]
[SourceDate "2011.10.28"]
[SourceVersion "1"]
[SourceVersionDate "2011.10.28"]
[SourceQuality "1"]

1. d4 Nf6 2. Nf3 d5 3. g3 g6 4. Bg2 Bg7 5. 0-0 0-0 6. c4 c6 7. Ne5 Bf5 8. Nc3 Ne4 9. cxd5 cxd5 10. Qb3 Nc6 11. Nxc6 bxc6 12. Nxe4 dxe4 13. Rd1 Qb6 14. Qxb6 axb6 15. Bg5 e5 16. d5 cxd5 17. Rxd5 Be6 18. Rb5 Rxa2 19. Rxa2 Bxa2 20. Bxe4 Rb8 21. b3 f6 22. Bd5+ Kf8 23. Be3 Ke7 24. Bxb6 Kd7 25. Ra5 Rxb6 26. Rxa2 Kd6 27. e4 f5 28. f3 fxe4 29. fxe4 Bf6 30. Ra7 h6 31. h4 g5 32. Rh7 gxh4 33. Rxh6 Ke7 34. gxh4 Ra6 35. Kg2 Ra2+ 36. Kg3 Ra1 37. h5 Rg1+ 38. Kf2 Rg7 39. b4 Bh4+ 40. Kf1 Kd7 41. b5 Bd8 42. b6 Kc8 43. b7+ Kb8 44. Ra6 Kc7 45. b8Q+ Kxb8 46. Ra8+ Kc7 47. Ra7+ 1-0

[Event "Olomouc op"]
[Site "Olomouc"]
[Date "2011.08.04"]
[Round "1"]
[White "Gunajew, Rafal"]
[Black "Lasek, Frantisek"]
[Result "1-0"]
[WhiteElo "2258"]
[BlackElo "1881"]
[PlyCount "59"]
[EventDate "2011.08.04"]
[EventType "swiss"]
[EventRounds "9"]
[EventCountry "CZE"]
[SourceTitle "CBM 143 Extra"]
[Source "ChessBase"]
[SourceDate "2011.08.29"]
[SourceVersion "1"]
[SourceVersionDate "2011.08.29"]
[SourceQuality "1"]

1. e4 c6 2. d4 d5 3. Nc3 dxe4 4. Nxe4 Bf5 5. Ng3 Bg6 6. h4 h6 7. h5 Bh7 8. f4 e6 9. Nf3 Nf6 10. Bd3 Bxd3 11. Qxd3 Nbd7 12. Bd2 Bd6 13. 0-0-0 Nd5 14. Ne5 Qc7 15. Ne4 Bxe5 16. dxe5 0-0 17. g4 f5 18. gxf5 Rxf5 19. Rh4 Raf8 20. Qg3 Nxe5 21. fxe5 Qxe5 22. Qxe5 Rxe5 23. c4 Nb6 24. Bc3 Ref5 25. Rg4 e5 26. Nd6 Rxh5 27. Rdg1 g5 28. Bxe5 Rf2 29. Ne4 Nxc4 30. Nf6+ 1-0

[Event "Novy Bor op"]
[Site "Novy Bor"]
[Date "2011.02.18"]
[Round "8"]
[White "Paldus, Petr"]
[Black "Lasek, Frantisek"]
[Result "1/2-1/2"]
[WhiteElo "2078"]
[BlackElo "1860"]
[PlyCount "62"]
[EventDate "2011.02.12"]
[EventType "swiss"]
[EventRounds "9"]
[EventCountry "CZE"]
[SourceTitle "CBM 140 Extra"]
[Source "ChessBase"]
[SourceDate "2011.03.01"]
[SourceVersion "1"]
[SourceVersionDate "2011.03.01"]
[SourceQuality "1"]

1. e4 c6 2. d4 d5 3. e5 e6 4. Nf3 c5 5. c3 Nc6 6. a3 Nge7 7. b4 c4 8. Be2 Bd7 9. Nbd2 b5 10. Nf1 a5 11. Bd2 Ng6 12. h4 Be7 13. g3 a4 14. h5 Nf8 15. h6 g6 16. g4 Qc7 17. Ng5 f6 18. exf6 Bxf6 19. Qc2 e5 20. dxe5 Nxe5 21. 0-0-0 Ne6 22. Nxe6 Bxe6 23. g5 Be7 24. Be3 0-0 25. Ng3 Rad8 26. Kb2 Ng4 27. Bxg4 Bxg4 28. Rd4 Bf3 29. Rhh4 Qe5 30. Qd2 Rf7 31. Rhf4 Rdf8 1/2-1/2

[Event "Marianske Lazne op"]
[Site "Marianske Lazne"]
[Date "2011.01.15"]
[Round "1"]
[White "Lasek, Frantisek"]
[Black "Petruzalek, Radim"]
[Result "1/2-1/2"]
[WhiteElo "1860"]
[BlackElo "1615"]
[PlyCount "56"]
[EventDate "2011.01.15"]
[EventType "swiss"]
[EventRounds "9"]
[EventCountry "CZE"]
[SourceTitle "CBM 140 Extra"]
[Source "ChessBase"]
[SourceDate "2011.03.01"]
[SourceVersion "1"]
[SourceVersionDate "2011.03.01"]
[SourceQuality "1"]

1. g4 d5 2. Bg2 e5 3. e3 Bc5 4. d4 exd4 5. exd4 Be7 6. h3 Nc6 7. Bf4 Be6 8. Ne2 Nf6 9. Nd2 Nd7 10. c3 Nb6 11. 0-0 Bd6 12. Bxd6 Qxd6 13. f4 g6 14. Kh1 0-0-0 15. Rf3 f5 16. g5 Rhe8 17. Nf1 Bd7 18. Nfg3 Nc4 19. Rb1 Re3 20. Rxe3 Nxe3 21. Qd3 Nxg2 22. Kxg2 Na5 23. Nc1 a6 24. Nb3 Nxb3 25. axb3 Re8 26. Kf3 Bc6 27. Nxf5 gxf5 28. Qxf5+ Bd7 1/2-1/2

[Event "Kesarovski Georgiev Memorial 9th"]
[Site "Sunny Beach"]
[Date "2010.09.01"]
[Round "5"]
[White "Lasek, Frantisek"]
[Black "Petruzalek, Radim"]
[Result "1/2-1/2"]
[WhiteElo "1876"]
[BlackElo "1606"]
[PlyCount "24"]
[EventDate "2010.08.28"]
[EventType "swiss"]
[EventRounds "9"]
[EventCountry "BUL"]
[SourceTitle "CBM 138 Extra"]
[Source "ChessBase"]
[SourceDate "2010.10.29"]
[SourceVersion "1"]
[SourceVersionDate "2010.10.29"]
[SourceQuality "1"]

1. f4 f5 2. e3 d5 3. d4 e6 4. Nf3 Nc6 5. Be2 Nf6 6. Nfd2 Bd6 7. 0-0 b6 8. Nf3 Ke7 9. Bd2 Re8 10. Be1 Bd7 11. Nfd2 Rg8 12. Bf2 Qe8 1/2-1/2

[Event "Plzen KB op-B U18"]
[Site "Plzen"]
[Date "1997.??.??"]
[Round "8"]
[White "Brudnova, Jana"]
[Black "Lasek, Frantisek"]
[Result "1/2-1/2"]
[WhiteElo "1790"]
[BlackElo "1950"]
[PlyCount "30"]
[EventDate "1997.??.??"]
[EventType "swiss"]
[EventRounds "9"]
[EventCountry "CZE"]
[SourceTitle "EXT 1998"]
[Source "ChessBase"]
[SourceDate "1997.11.17"]
[SourceVersion "1"]
[SourceVersionDate "1997.11.17"]
[SourceQuality "1"]

1. e4 e6 2. Nf3 d5 3. Nc3 Nf6 4. e5 Nfd7 5. d4 c5 6. Bf4 Nc6 7. dxc5 Bxc5 8. Bd3 Qb6 9. 0-0 a6 10. Na4 Qb4 11. Nxc5 Nxc5 12. Bc1 Nxd3 13. Qxd3 Bd7 14. c3 Qe4 15. Qe3 Qxe3 1/2-1/2